[Event "Campeonato Brasileiro Amador 2019 U2200"]
[Site "Sao Paulo"]
[Date "2019.06.21"]
[Round "3.6"]
[White "Mariani, Daniel Brandao"]
[Black "Borges, Wagner Da Silva"]
[Result "1/2-1/2"]
[WhiteElo "2037"]
[BlackElo "2134"]
[PlyCount "119"]
[EventDate "2019.06.20"]

{[%evp 0,119,28,-31,-29,-51,3,-15,-7,-9,19,16,6,25,41,36,36,10,9,-7,6,10,19,6,
19,17,103,101,101,72,97,55,109,61,61,21,59,8,91,16,68,67,92,93,93,82,125,117,
167,169,168,160,160,158,158,139,139,132,143,131,114,122,121,121,121,121,136,61,
61,23,39,36,13,-15,-9,0,-21,-23,-19,-25,-24,-32,-34,-33,-46,-43,-44,-43,-29,
-40,-40,-45,-44,-50,-1,-1,-1,-2,-2,-7,-2,-14,-2,-7,-6,-7,-4,-4,-2,-4,-4,-4,-4,
-4,-2,-4,-4,-4,-4,-4,-4,-4]} 1. c4 Nf6 2. g3 g6 3. Bg2 d5 4. cxd5 Nxd5 5. Nc3
Nxc3 6. bxc3 c5 7. Nf3 Nc6 8. Qc2 Bg7 9. O-O O-O 10. Rb1 Rb8 11. Rd1 Qa5 12. d4
Rd8 13. Bf4 e5 14. dxe5 Bf5 15. e4 Be6 16. Rxd8+ Qxd8 17. Qa4 h6 18. h4 Kh7 19.
Kh2 Qc7 20. Bh3 Qc8 21. Bxe6 Qxe6 22. Qb3 Qg4 23. Kg2 Rf8 24. Qd5 Nd8 25. Qxc5
Ne6 26. Qe3 b6 27. Rd1 Rc8 28. Rd3 Nc5 29. Rd5 Ne6 30. Nh2 Nxf4+ 31. Qxf4 Qe6
32. h5 Rxc3 33. Ng4 gxh5 34. Nf6+ Bxf6 35. exf6 Qg4 36. Qf5+ Qxf5 37. exf5 Rc6
38. Rd7 Rxf6 39. Rxa7 Rxf5 40. Ra6 Rb5 41. a4 Rb4 42. a5 bxa5 43. Rxa5 h4 44.
Ra6 hxg3 45. fxg3 h5 46. Rd6 h4 47. gxh4 Rxh4 48. Kf3 Kg7 49. Rc6 f6 50. Rb6
Kg6 51. Ra6 Rb4 52. Ra3 Kg5 53. Kf2 Rf4+ 54. Ke2 Kg4 55. Rb3 Rd4 56. Kf2 f5 57.
Kf1 Rd2 58. Rc3 f4 59. Rb3 Rh2 60. Ra3 1/2-1/2

[Event "Campeonato Brasileiro Amador 2019 U2200"]
[Site "Sao Paulo"]
[Date "2019.06.21"]
[Round "3.7"]
[White "Miranda Neto, Jayme Amorim"]
[Black "Duailibi, Ricardo Miguel"]
[Result "1-0"]
[WhiteElo "2119"]
[BlackElo "1828"]
[PlyCount "51"]
[EventDate "2019.06.20"]

1. Nf3 g6 2. d4 Nf6 3. g3 Bg7 4. Bg2 O-O 5. O-O d5 6. c3 Nc6 7. Nbd2 Re8 8. Qc2
e5 9. dxe5 Nxe5 10. Nxe5 Rxe5 11. Nf3 Re8 12. Be3 Bf5 13. Qb3 Rxe3 14. fxe3 Ng4
15. Nd4 Bxd4 16. exd4 Ne3 17. Rf4 Bc2 18. Qxb7 Rb8 19. Qxa7 Rxb2 20. Qa3 Qb8
21. Qe7 Nf5 22. Qd7 Rb1+ 23. Rxb1 Qxb1+ 24. Rf1 Qb8 25. Bxd5 Qf8 26. e4 1-0

[Event "Campeonato Brasileiro Amador 2019 U2200"]
[Site "Sao Paulo"]
[Date "2019.06.21"]
[Round "3.8"]
[White "Carvalho, Felipe Lobo C."]
[Black "Pomar, Marcelo Nascimento"]
[Result "1-0"]
[WhiteElo "2105"]
[BlackElo "2019"]
[PlyCount "101"]
[EventDate "2019.06.20"]

{[%evp 0,101,25,12,31,15,29,38,51,-5,26,36,36,32,20,11,6,-9,-14,-14,29,15,34,
17,25,7,19,19,19,9,26,26,29,8,19,8,26,3,46,26,42,32,28,16,8,13,6,-21,-21,-27,
-30,0,9,9,9,9,22,25,26,33,26,-28,-30,-37,-44,-41,-48,-47,-36,-50,-53,-44,-44,
-48,-41,-39,-33,-25,-25,-25,76,98,108,110,163,215,216,231,225,228,228,258,292,
242,250,258,292,240,274,295,275,240,319,332]} 1. d4 Nf6 2. Bf4 d5 3. e3 c5 4.
c3 Nc6 5. Nd2 e6 6. Ngf3 Bd6 7. Bxd6 Qxd6 8. Bb5 O-O 9. O-O a6 10. Bxc6 bxc6
11. Ne5 Nd7 12. f4 f6 13. Nxd7 Bxd7 14. Nb3 cxd4 15. cxd4 e5 16. Qc2 Rae8 17.
Nc5 Bc8 18. Qd3 exf4 19. Rxf4 Re7 20. Raf1 Rfe8 21. R4f3 a5 22. h3 Qb8 23. Qb3
Qxb3 24. axb3 Rxe3 25. Rxe3 Rxe3 26. Kf2 Re7 27. Ra1 Bf5 28. Rxa5 Bg6 29. Ra8+
Re8 30. Rxe8+ Bxe8 31. Ke3 Kf8 32. Kd3 Ke7 33. Kc3 h5 34. h4 g5 35. g3 Bg6 36.
Kd2 Kd6 37. b4 gxh4 38. gxh4 Be4 39. Ke3 f5 40. Kf4 Bc2 41. Kg5 Be4 42. Kxh5 f4
43. Kg4 f3 44. Kg3 Bh7 45. Kxf3 Kc7 46. Na4 Kd6 47. Kf4 Ke6 48. Kg5 Kf7 49. Nc3
Bd3 50. h5 Bc2 51. b5 1-0

[Event "Campeonato Brasileiro Amador 2019 U2200"]
[Site "Sao Paulo"]
[Date "2019.06.21"]
[Round "3.9"]
[White "Andrade, Guilherme A. De Souz"]
[Black "De Carvalho, Jose Jorge"]
[Result "0-1"]
[WhiteElo "1862"]
[BlackElo "2152"]
[PlyCount "144"]
[EventDate "2019.06.20"]

{[%evp 0,135,16,25,25,38,27,29,69,-5,27,34,34,29,37,28,13,13,41,18,30,28,17,2,
6,10,28,22,27,14,18,23,23,30,26,13,15,14,14,-40,-19,-134,-74,-86,-86,-92,-92,
-92,-86,-86,-86,-86,-86,-86,-89,-101,-79,-87,-83,-83,-86,-83,-74,-76,-73,-83,
-83,-126,-83,-83,-68,-68,-54,-56,-54,-74,-57,-82,-66,-68,-58,-59,-44,-67,-57,
-44,-44,-44,-44,-44,-44,-44,-44,-66,-44,-50,-52,-46,-49,-81,-38,-50,-44,-50,
-50,-50,-50,-50,-50,-50,-47,-45,-45,-48,-34,-45,-48,-50,-53,-52,-45,-57,-60,-1,
0,0,0,0,0,0,0,0,0,0,0,-98,-115,-225]} 1. d4 Nf6 2. Bf4 d5 3. e3 c5 4. c3 cxd4
5. exd4 Nc6 6. Bd3 g6 7. h3 Bf5 8. Nf3 Qb6 9. b3 Nh5 10. Bh2 Bxd3 11. Qxd3 Bh6
12. O-O Nf4 13. Bxf4 Bxf4 14. Nbd2 O-O 15. Rfe1 Rad8 16. g3 Bh6 17. Ne5 Nxe5
18. Rxe5 e6 19. h4 Rc8 20. c4 Qb4 21. Re2 Bxd2 22. Rxd2 dxc4 23. bxc4 Qxc4 24.
Qxc4 Rxc4 25. d5 exd5 26. Rxd5 Rfc8 27. Rd7 Rc1+ 28. Rxc1 Rxc1+ 29. Kg2 Rc2 30.
a4 Rc4 31. a5 Rc5 32. Rxb7 Rxa5 33. Rb3 Rd5 34. Kf3 a5 35. Ke4 Rf5 36. f3 h5
37. g4 hxg4 38. fxg4 Rc5 39. Kd4 Rc8 40. Ra3 Ra8 41. Ra4 Kg7 42. g5 Kf8 43. Kd5
Ke7 44. Kc6 Ke6 45. Kb7 Rh8 46. Kc6 Rc8+ 47. Kb7 Rc5 48. Kb6 Rf5 49. Kc6 f6 50.
gxf6 Kxf6 51. Kd6 Kg7 52. Ke6 Kh6 53. Rc4 Rb5 54. Ra4 Rb4 55. Rxa5 Rxh4 56. Ra1
Rg4 57. Rh1+ Kg5 58. Ke5 Rg3 59. Ke4 Kg4 60. Ke5 g5 61. Kf6 Kf3 62. Kf5 Kg2 63.
Ra1 Kh3 64. Rh1+ Kg2 65. Ra1 Kh2 66. Ra2+ Kh3 67. Rb2 g4 68. Kg5 Ra3 69. Rb1 g3
70. Rh1+ Kg2 71. Rb1 Kh2 72. Kf4 g2 0-1

[Event "Campeonato Brasileiro Amador 2019 U2200"]
[Site "Sao Paulo"]
[Date "2019.06.21"]
[Round "3.10"]
[White "Bortoloso, Moacir Canella"]
[Black "Soares, Renan Barbosa Montei"]
[Result "0-1"]
[WhiteElo "2143"]
[BlackElo "1991"]
[PlyCount "96"]
[EventDate "2019.06.20"]

{[%evp 0,96,25,16,100,57,112,91,79,56,56,46,74,44,99,48,84,42,35,25,68,61,42,
25,16,29,14,23,23,5,5,12,55,54,38,34,28,20,29,8,43,25,-28,-43,-23,-43,-23,-34,
-20,-39,-39,-93,-36,-148,-145,-173,-144,-164,-106,-104,-40,-137,-72,-59,-70,
-114,-59,-70,-59,-59,159,-59,-66,-121,-115,-125,-115,-115,-152,-127,-86,-175,
-223,-200,-200,-327,-126,-198,-36,-131,-179,-769,-175,-315,-315,-331,-324,
-29997,-29998]} 1. e4 c5 2. Nf3 d6 3. d4 cxd4 4. Nxd4 Nf6 5. Nc3 Nc6 6. Bg5 e6
7. Qd2 a6 8. O-O-O Bd7 9. f3 b5 10. Kb1 Be7 11. h4 O-O 12. g4 Rc8 13. Be3 Nxd4
14. Bxd4 b4 15. Ne2 Bc6 16. Ng3 a5 17. g5 Nd7 18. f4 Qc7 19. Rg1 d5 20. exd5
Bxd5 21. Bg2 Bxg2 22. Rxg2 Nb6 23. Bxb6 Qxb6 24. Qe2 Rfd8 25. Rf1 Qd4 26. Qe1
a4 27. Qc1 a3 28. b3 Qd5 29. Re2 g6 30. Ne4 Qb5 31. Rfe1 Rd4 32. Nf2 Rd5 33.
Ne4 Kg7 34. Rd2 Rcd8 35. Rxd5 Qxd5 36. c3 Qd3+ 37. Qc2 Qf3 38. Qc1 Rd3 39. c4
Bd8 40. c5 Bc7 41. c6 Bxf4 42. Qc2 Bc7 43. Nf6 Rd8 44. Rc1 Qf4 45. Rh1 Qd4 46.
Re1 Be5 47. Rxe5 Qxe5 48. c7 Rd1+ 0-1

[Event "Campeonato Brasileiro Amador 2019 U2200"]
[Site "Sao Paulo"]
[Date "2019.06.21"]
[Round "3.11"]
[White "Mobaier, Sergio"]
[Black "Marcolino, Antonio Claudio H."]
[Result "1/2-1/2"]
[WhiteElo "1918"]
[BlackElo "2103"]
[PlyCount "174"]
[EventDate "2019.06.20"]

{[%evp 0,142,28,10,17,33,40,11,69,23,23,25,25,22,22,22,57,13,23,10,22,11,35,20,
41,47,47,36,63,40,59,43,17,10,17,14,15,11,11,0,22,14,10,-3,3,-11,0,3,43,43,43,
10,29,24,28,28,39,25,75,72,109,96,96,88,100,100,85,74,64,59,53,75,62,65,69,72,
76,69,82,86,125,76,70,54,66,57,63,84,74,58,95,80,107,107,99,104,109,107,114,
110,104,104,134,114,153,123,94,99,116,116,125,124,129,137,143,133,153,145,157,
154,157,157,174,158,163,141,123,121,157,147,149,130,125,122,122,98,98,82,148,
37,43,44,58,54,58]} 1. d4 d5 2. Bf4 Nf6 3. e3 c5 4. c3 Nc6 5. Nd2 cxd4 6. exd4
Bf5 7. Qb3 Qc8 8. Ngf3 e6 9. h3 Be7 10. Nh4 Bg6 11. Nxg6 hxg6 12. Bd3 O-O 13.
O-O Qd7 14. Nf3 Rfc8 15. Ne5 Nxe5 16. Bxe5 a6 17. Rfe1 Bd6 18. Rad1 b5 19. a3
Rab8 20. Bxd6 Qxd6 21. Qb4 Qc7 22. Qb3 Nd7 23. Qc2 e5 24. dxe5 Nxe5 25. Bf1 Rd8
26. Rd4 Nc6 27. Rd2 Qf4 28. g3 Qg5 29. Bg2 Rbc8 30. Qd1 Ne7 31. Re3 Rd6 32. Qe1
Nc6 33. Red3 Rcd8 34. Qd1 Ne7 35. Qg4 Qxg4 36. hxg4 Kf8 37. Rd4 g5 38. a4 Rb8
39. axb5 axb5 40. Bf1 f6 41. Rb4 Rdb6 42. Rbd4 Rd6 43. Bg2 Rbd8 44. b3 Nc6 45.
Rxd5 Rxd5 46. Rxd5 Rxd5 47. Bxd5 Nb8 48. Kf1 Ke7 49. Ke2 Kd6 50. Be4 Kc5 51.
Ke3 Nd7 52. f4 Nb6 53. Bb7 Nd7 54. Bc8 Nb6 55. Be6 Kd6 56. Bg8 Nd7 57. Kd4 Nc5
58. Bf7 Na6 59. b4 Ke7 60. Bg6 Kd6 61. Bd3 Nc7 62. c4 bxc4 63. Bxc4 Na8 64. Ke4
Nb6 65. Bb3 gxf4 66. gxf4 Nc8 67. Ba4 Ne7 68. Be8 Nc8 69. b5 Kc5 70. Bd7 Nd6+
71. Kf3 Kb6 72. Ke3 Kc5 73. Bc6 Nf7 74. Be8 Nd6 75. Bd7 Nc4+ 76. Kf3 Nd6 77.
Kg3 g5 78. Kf3 Nf7 79. Ke3 Nd6 80. Bc6 Nf7 81. fxg5 fxg5 82. Ke4 Nh6 83. Bd7
Nxg4 84. Kf5 Ne3+ 85. Kxg5 Nc4 86. Kf6 Nd6 87. Ke7 Nxb5 1/2-1/2

[Event "Campeonato Brasileiro Amador 2019 U2200"]
[Site "Sao Paulo"]
[Date "2019.06.21"]
[Round "3.12"]
[White "De Souza, Gilberto Ferreira"]
[Black "Pertuzatti, Daniel"]
[Result "1/2-1/2"]
[WhiteElo "2079"]
[BlackElo "1935"]
[PlyCount "164"]
[EventDate "2019.06.20"]

{[%evp 0,96,16,25,23,-24,52,28,38,10,30,37,19,15,54,-11,-34,-26,-26,-21,3,15,
21,32,13,-20,5,5,10,-53,-34,-65,-21,-57,-45,-27,13,3,23,35,35,32,39,39,38,34,
33,25,28,33,39,38,33,23,37,41,29,-1,2,0,31,32,82,80,117,84,117,116,151,124,151,
161,205,78,117,86,198,224,223,86,86,86,86,86,86,86,110,67,51,41,110,41,41,24,
45,24,24,24,32]} 1. d4 d5 2. c4 e5 3. dxe5 d4 4. a3 Nc6 5. Nf3 Nge7 6. h3 Be6
7. e3 dxe3 8. Qxd8+ Rxd8 9. Bxe3 Ng6 10. Ng5 Ngxe5 11. Nxe6 fxe6 12. Nd2 Be7
13. O-O-O O-O 14. Be2 Nd4 15. Bxd4 Rxd4 16. Rhf1 Bg5 17. Kc2 b6 18. f3 Rxd2+
19. Rxd2 Bxd2 20. Kxd2 Rd8+ 21. Kc3 Kf7 22. f4 Nc6 23. Bd3 g6 24. b4 Kf6 25. g4
a5 26. b5 Ne7 27. Re1 Nc8 28. Be4 Nd6 29. Bc6 Nf7 30. h4 h5 31. g5+ Ke7 32. Be4
Nh8 33. f5 gxf5 34. Bxf5 Rd6 35. Be4 Rd8 36. Rf1 e5 37. Rf5 Ke6 38. Rf6+ Ke7
39. Bd5 Rd6 40. Rf5 Ng6 41. Rf7+ Kd8 42. Rh7 Nf4 43. Rh8+ Ke7 44. Rh7+ Kd8 45.
Rh8+ Ke7 46. Rc8 Kd7 47. Rf8 Nxd5+ 48. cxd5 Ke7 49. Rc8 Rxd5 50. Rxc7+ Kf8 51.
a4 Rd4 52. Rc4 Rd5 53. Re4 Kf7 54. Rc4 Kg7 55. Rc7+ Kg8 56. Kb3 Rd4 57. Re7
Rd3+ 58. Kc2 Rd4 59. Rxe5 Rxa4 60. Re6 Rxh4 61. Rxb6 Rb4 62. Rb8+ Kg7 63. b6 h4
64. Ra8 Rxb6 65. Rxa5 Kg6 66. Kd2 Re6 67. Rd5 Kh5 68. Ra5 Kg4 69. g6 Rxg6 70.
Ke2 Rf6 71. Ra8 Rf4 72. Ke3 Rf5 73. Rg8+ Kh3 74. Rh8 Kg3 75. Rg8+ Kh2 76. Ke2
h3 77. Rg7 Ra5 78. Rg8 Ra3 79. Kf2 Ra2+ 80. Kf1 Rg2 81. Rh8 Rg3 82. Kf2 Rb3
1/2-1/2

[Event "Campeonato Brasileiro Amador 2019 U2200"]
[Site "Sao Paulo"]
[Date "2019.06.21"]
[Round "3.13"]
[White "Tomiello, Mateus Costamilan"]
[Black "Almeida Silva, Emiliano Piskator"]
[Result "1-0"]
[WhiteElo "2062"]
[BlackElo "1707"]
[PlyCount "67"]
[EventDate "2019.06.20"]

{[%evp 0,67,27,11,73,82,82,82,82,72,72,65,79,38,90,70,136,67,101,69,76,53,65,
49,88,88,93,116,125,32,46,43,69,79,81,93,169,169,222,172,260,235,348,331,331,
334,329,306,319,273,280,260,292,295,332,317,429,493,614,514,930,1034,1445,1414,
1694,1675,1823,1934,2343,2828]} 1. e4 d6 2. d4 Nf6 3. Nc3 g6 4. Nf3 Bg7 5. Be2
O-O 6. h3 Na6 7. O-O c5 8. d5 Rb8 9. a4 Nb4 10. Bf4 Nd7 11. Qd2 Ne5 12. Nxe5
dxe5 13. Be3 b6 14. Nb1 f5 15. f3 f4 16. Bf2 g5 17. a5 Qd6 18. axb6 Qxb6 19.
Na3 Rd8 20. Nc4 Qh6 21. Bxc5 Nc6 22. Bd3 Nd4 23. Bxa7 Rb7 24. Bxd4 exd4 25. Ra8
Rbd7 26. Qb4 Bf8 27. Qc5 e5 28. d6 g4 29. fxg4 Rg7 30. Rxc8 f3 31. Rxd8 Rf7 32.
Qxe5 f2+ 33. Rxf2 Qc1+ 34. Rf1 1-0

[Event "Campeonato Brasileiro Amador 2019 U2200"]
[Site "Sao Paulo"]
[Date "2019.06.21"]
[Round "3.17"]
[White "Costa, Henrique De Jesus"]
[Black "Abreu, Guilherme Correa"]
[Result "1-0"]
[WhiteElo "1800"]
[BlackElo "1997"]
[PlyCount "126"]
[EventDate "2019.06.20"]

{[%evp 0,85,16,25,25,10,25,25,39,-18,22,3,21,13,1,-54,-36,-35,-35,-7,4,-41,8,1,
-1,-11,10,19,30,28,56,113,129,129,135,86,130,108,171,165,177,203,294,291,361,
374,383,424,425,427,436,429,482,482,492,419,419,492,470,406,430,450,462,316,
339,288,307,278,278,267,264,264,261,260,267,272,264,262,272,236,241,249,256,
275,285,288,297,265]} 1. d4 d5 2. Bf4 Nf6 3. e3 Bf5 4. c3 c6 5. Qb3 Qb6 6. Nd2
Nbd7 7. c4 e6 8. c5 Qxb3 9. axb3 Be7 10. Be2 O-O 11. b4 Rfe8 12. h3 h6 13. Ngf3
Bf8 14. Nb3 b6 15. Ba6 Bc2 16. Nbd2 e5 17. Nxe5 Nxe5 18. Bxe5 bxc5 19. bxc5 Re7
20. O-O Nd7 21. Bb7 Rae8 22. Bxc6 Nxe5 23. Bxe8 Rxe8 24. dxe5 Bd3 25. Rfc1 a6
26. c6 Rc8 27. c7 f6 28. exf6 gxf6 29. Rc3 Bb5 30. Nf3 Bb4 31. Rb3 a5 32. Rxb4
axb4 33. Nd4 Bd7 34. Ra5 Rxc7 35. Rxd5 Kf7 36. Kh2 Kg6 37. g4 Bc8 38. Rb5 Rb7
39. Rxb7 Bxb7 40. Kg3 h5 41. Kf4 hxg4 42. hxg4 Bd5 43. e4 Bc4 44. Nc6 b3 45. e5
Bb5 46. Ne7+ Kf7 47. exf6 Kxf6 48. Nd5+ Kg6 49. Kg3 Bc4 50. Ne3 Bd3 51. f4 Kf6
52. Kf2 Ke6 53. Ke1 Kd6 54. Kd2 Bg6 55. Kc3 Bf7 56. Kd4 Be6 57. f5 Bf7 58. g5
Ke7 59. Ke5 Bh5 60. Nd5+ Kf7 61. Nf4 Bf3 62. g6+ Kf8 63. f6 Kg8 1-0

[Event "Campeonato Brasileiro Amador 2019 U2200"]
[Site "Sao Paulo"]
[Date "2019.06.21"]
[Round "3.19"]
[White "Kajiwara, Flavio�Toshio�Prizon"]
[Black "Souza Dos Santos, Matheus Garcett"]
[Result "0-1"]
[WhiteElo "1925"]
[BlackElo "1867"]
[PlyCount "42"]
[EventDate "2019.06.20"]

1. e4 c5 2. Nf3 d6 3. d4 cxd4 4. Nxd4 Nf6 5. Nc3 a6 6. Be2 e6 7. O-O Nbd7 8.
Be3 b5 9. a3 Bb7 10. f3 Rc8 11. Na2 d5 12. exd5 Nxd5 13. Bf2 Nf4 14. Re1 Qg5
15. Bg3 Bc5 16. Kh1 Nd5 17. c3 O-O 18. Nb4 N7b6 19. Nd3 Bxd4 20. f4 Qf6 21.
cxd4 Ne3 0-1

[Event "Campeonato Brasileiro Amador 2019 U2200"]
[Site "Sao Paulo"]
[Date "2019.06.21"]
[Round "3.20"]
[White "Baldussi Fernandes, Bruno Mendonca"]
[Black "Da Conceicao, Daniel Firmino"]
[Result "1/2-1/2"]
[WhiteElo "1740"]
[BlackElo "1852"]
[PlyCount "54"]
[EventDate "2019.06.20"]

{[%evp 0,54,16,28,43,26,23,13,3,-47,-31,-66,-34,-51,-50,-63,-42,-43,-32,-27,
-17,-54,-19,-27,-15,-20,123,123,123,123,123,131,123,136,139,119,160,130,170,
154,199,214,214,215,184,-4,442,442,465,442,442,412,421,165,0,0,0]} 1. e4 e5 2.
Nf3 Nc6 3. d4 exd4 4. Bc4 Nf6 5. e5 d5 6. Bb5 Ne4 7. Nxd4 Bc5 8. Be3 Bd7 9.
Bxc6 bxc6 10. O-O O-O 11. Nd2 Nxd2 12. Qxd2 f6 13. Nxc6 Bxc6 14. Bxc5 Re8 15.
exf6 Qxf6 16. Bd4 Qg6 17. Rfe1 a6 18. Qc3 Rad8 19. g3 Re4 20. Rxe4 dxe4 21.
Bxg7 e3 22. Qxe3 Kxg7 23. Qe7+ Qf7 24. Qg5+ Qg6 25. Qxd8 Qe4 26. Qxc7+ Kg6 27.
Qd6+ Kg7 1/2-1/2

[Event "Campeonato Brasileiro Amador 2019 U2200"]
[Site "Sao Paulo"]
[Date "2019.06.21"]
[Round "3.21"]
[White "Ferreira, Jose Carlos"]
[Black "Jesus Filho, Jose Carlos"]
[Result "1-0"]
[WhiteElo "1832"]
[BlackElo "1727"]
[PlyCount "79"]
[EventDate "2019.06.20"]

1. Nf3 g6 2. g3 Bg7 3. Bg2 d6 4. d4 Nc6 5. c3 Nf6 6. Nbd2 e5 7. dxe5 dxe5 8. e4
O-O 9. O-O Bg4 10. Re1 Qd7 11. Qc2 Rad8 12. Nc4 Bxf3 13. Bxf3 Qd3 14. Qxd3 Rxd3
15. Be2 Rd7 16. f3 h5 17. Be3 b5 18. Na3 a6 19. Nc2 Kh7 20. a4 Bh6 21. Bxh6
Kxh6 22. axb5 axb5 23. Bxb5 Rd2 24. Re2 Rfd8 25. Kf2 Ne7 26. Ra7 Rxe2+ 27. Kxe2
Rb8 28. Na3 Nc8 29. Rxc7 Nd6 30. c4 Kg7 31. Kd3 g5 32. Re7 Rd8 33. Ke3 Nxb5 34.
Nxb5 Nd7 35. Nd6 Kf6 36. Nf5 h4 37. f4 exf4+ 38. gxf4 g4 39. b4 Nb6 40. Rc7 1-0

[Event "Campeonato Brasileiro Amador 2019 U2200"]
[Site "Sao Paulo"]
[Date "2019.06.21"]
[Round "4.1"]
[White "Damaceno, Mateus Lima"]
[Black "Magalhaes, Jonathas Jose De"]
[Result "1/2-1/2"]
[WhiteElo "2136"]
[BlackElo "2094"]
[PlyCount "44"]
[EventDate "2019.06.20"]

{[%evp 0,44,28,-26,-2,3,31,0,-21,-21,-3,-25,3,-15,-2,-60,-7,3,-3,21,14,15,20,
10,63,47,77,46,70,55,71,50,53,56,61,54,60,38,18,28,11,23,20,10,31,-3,-8]} 1. c4
e5 2. Nc3 d6 3. d4 exd4 4. Qxd4 Nc6 5. Qd2 Be6 6. b3 Nf6 7. Bb2 Be7 8. e4 O-O
9. Nf3 Re8 10. Be2 Bg4 11. O-O Bf8 12. Qf4 Bxf3 13. Bxf3 Ne5 14. Rad1 c6 15. g3
Nxf3+ 16. Qxf3 Qa5 17. Rfe1 Re6 18. Re3 Rae8 19. Rde1 a6 20. a3 Qg5 21. R3e2
Ng4 22. Qf5 Qxf5 1/2-1/2

[Event "Campeonato Brasileiro Amador 2019 U2200"]
[Site "Sao Paulo"]
[Date "2019.06.21"]
[Round "4.2"]
[White "Labussiere, Victor"]
[Black "Miranda Neto, Jayme Amorim"]
[Result "1-0"]
[WhiteElo "2096"]
[BlackElo "2119"]
[PlyCount "63"]
[EventDate "2019.06.20"]

{[%evp 0,63,29,-3,-3,-3,54,14,55,25,33,42,89,54,71,40,53,36,22,7,5,7,11,6,54,
40,61,38,48,46,40,53,58,49,81,85,79,84,92,80,100,78,97,71,83,70,89,84,64,85,99,
99,76,69,78,97,103,109,112,79,105,126,168,255,394,385]} 1. c4 Nf6 2. Nc3 g6 3.
e4 d6 4. d4 Bg7 5. Be2 Nbd7 6. Nf3 e5 7. O-O O-O 8. Re1 h6 9. Bf1 exd4 10. Nxd4
Re8 11. f3 Nc5 12. Be3 Kh7 13. Qd2 Bd7 14. Rac1 a5 15. b3 b6 16. Ndb5 Bxb5 17.
cxb5 Nfd7 18. Nd5 Ne5 19. Qc2 Rc8 20. a3 Ne6 21. h3 Nd7 22. Qf2 Rf8 23. b4 axb4
24. axb4 f5 25. exf5 Rxf5 26. Red1 Nf6 27. Nc3 Nd7 28. Bd3 Rf8 29. Nd5 Ne5 30.
Bb1 Qd7 31. f4 Ng5 32. Qg3 1-0

[Event "Campeonato Brasileiro Amador 2019 U2200"]
[Site "Sao Paulo"]
[Date "2019.06.21"]
[Round "4.3"]
[White "Labussiere, Yago"]
[Black "Tomiello, Lucas Costamilan"]
[Result "1/2-1/2"]
[WhiteElo "2110"]
[BlackElo "2088"]
[PlyCount "102"]
[EventDate "2019.06.20"]

1. d4 Nf6 2. c4 g6 3. Nc3 Bg7 4. e4 d6 5. Be2 O-O 6. Be3 e5 7. d5 Na6 8. g4 h6
9. h4 Ne8 10. Qd2 Kh7 11. h5 g5 12. f3 c6 13. Kf2 Nac7 14. Kg2 Bd7 15. Nh3 cxd5
16. cxd5 b5 17. a3 Qb8 18. Nf2 Qb7 19. Rhc1 a5 20. Bd3 Bf6 21. Qe2 a4 22. Na2
Na6 23. Rab1 Nec7 24. Qd2 Be7 25. Be2 Rac8 26. b3 axb3 27. Rxb3 Qa8 28. Nc3 Rb8
29. Rcb1 b4 30. axb4 Nb5 31. Nxb5 Bxb5 32. Ra3 Qb7 33. Bxb5 Qxb5 34. Ra5 Qb7
35. b5 Nc5 36. Bxc5 dxc5 37. Qc3 Bd6 38. Ra6 Qxa6 39. bxa6 Rxb1 40. Qa5 c4 41.
a7 Ra8 42. Qa6 c3 43. Qxd6 c2 44. Nd3 Rxa7 45. Qf6 c1=Q 46. Nxc1 Rxc1 47. Qf5+
Kg8 48. Qxe5 Ra2+ 49. Kg3 Rg1+ 50. Kh3 Rh1+ 51. Kg3 Rg1+ 1/2-1/2

[Event "Campeonato Brasileiro Amador 2019 U2200"]
[Site "Sao Paulo"]
[Date "2019.06.21"]
[Round "4.4"]
[White "Federzoni, Enzo"]
[Black "Carvalho, Felipe Lobo C"]
[Result "1-0"]
[WhiteElo "2091"]
[BlackElo "2105"]
[PlyCount "50"]
[EventDate "2019.06.20"]

1. e4 c5 2. Nf3 d6 3. Bb5+ Bd7 4. Bxd7+ Nxd7 5. O-O Ngf6 6. Qe2 e6 7. b3 Be7 8.
Bb2 O-O 9. c4 a6 10. Nc3 Qc7 11. d4 cxd4 12. Nxd4 Rfe8 13. Rac1 Rac8 14. Kh1
Qa5 15. f4 Bf8 16. Nf3 b5 17. e5 Nh5 18. Nd4 g6 19. cxb5 axb5 20. Ndxb5 d5 21.
Nd6 Bxd6 22. exd6 Qb4 23. f5 Qxd6 24. fxe6 fxe6 25. Nb5 Qa6 {Ilegivel} 1-0

[Event "Campeonato Brasileiro Amador 2019 U2200"]
[Site "Sao Paulo"]
[Date "2019.06.21"]
[Round "4.5"]
[White "Borges, Wagner Da Silva"]
[Black "Ganhoto, Marco Alves"]
[Result "1/2-1/2"]
[WhiteElo "2134"]
[BlackElo "2081"]
[PlyCount "141"]
[EventDate "2019.06.20"]

1. d4 c5 2. c3 cxd4 3. cxd4 d5 4. Nf3 Nf6 5. Nc3 e6 6. Bf4 Bd6 7. Bxd6 Qxd6 8.
e3 a6 9. Bd3 Nc6 10. O-O O-O 11. Rc1 b5 12. a3 Bd7 13. b4 Rfc8 14. h3 g6 15.
Nd2 e5 16. Nb3 e4 17. Be2 Ne7 18. Nc5 h5 19. Re1 Nf5 20. Qb3 Nh4 21. Nxd7 Qxd7
22. a4 Rc4 23. axb5 axb5 24. Ra1 Rac8 25. Bxc4 bxc4 26. Qa4 Qf5 27. Red1 Qg5
28. g3 Nf3+ 29. Kg2 h4 30. Qa6 Re8 31. Qd6 hxg3 32. Qxg3 Qh5 33. Ra6 Kg7 34.
Rda1 Nh4+ 35. Kf1 Nf5 36. Qh2 Ng4 37. Qf4 Qxh3+ 38. Ke1 Nxd4 39. Ra7 Ne5 40.
Rxf7+ Kg8 41. Kd2 Nb3+ 42. Ke2 Qh5+ 43. Kf1 Qh1+ 44. Ke2 Qh5+ 45. Kf1 Qh3+ 46.
Ke2 Qf3+ 47. Kf1 Qxf4 48. Rxf4 Nxa1 49. Nxd5 Kg7 50. Rxe4 Nb3 51. Kg2 Nd2 52.
Rd4 Ndf3 53. Rf4 Rf8 54. Nc3 Ne1+ 55. Kf1 Rxf4 56. exf4 N5d3 57. b5 Nc2 58. b6
Nc5 59. Ne4 Nb7 60. Ke2 Nb4 61. Ke3 Nd5+ 62. Kd4 Nxb6 63. Ke5 Nd7+ 64. Kd4 Na5
65. Nd6 Nf6 66. f5 g5 67. Kc3 Ng4 68. Ne4 Ne5 69. Nxg5 Kf6 70. Ne4+ Kxf5 71. f3
1/2-1/2

[Event "Campeonato Brasileiro Amador 2019 U2200"]
[Site "Sao Paulo"]
[Date "2019.06.21"]
[Round "4.7"]
[White "Guerreiro, Alexandre Vieira"]
[Black "Tomiello, Mateus Costamilan"]
[Result "0-1"]
[WhiteElo "2013"]
[BlackElo "2062"]
[PlyCount "106"]
[EventDate "2019.06.20"]

1. d4 Nf6 2. c4 g6 3. g3 Bg7 4. Bg2 d5 5. cxd5 Nxd5 6. Nf3 O-O 7. O-O Nb6 8.
Nc3 Nc6 9. e3 e5 10. d5 Ne7 11. e4 Bd7 12. Qe2 c6 13. Rd1 cxd5 14. exd5 Nec8
15. Bg5 f6 16. Be3 Nd6 17. Bc5 Nbc8 18. Nd2 Re8 19. Nc4 Qe7 20. Nxd6 Nxd6 21.
Bxd6 Qxd6 22. a4 Rad8 23. Qc4 f5 24. Qb3 e4 25. Re1 a6 26. Re2 Bc8 27. Rae1 Qc5
28. Rd1 Kh8 29. Kh1 b6 30. Rc2 Qd6 31. Ne2 Bb7 32. Rcd2 Re5 33. Nf4 Bh6 34. Qc3
Kg8 35. Bf1 Re7 36. Qb3 Bxf4 37. gxf4 Rc7 38. f3 Rc5 39. fxe4 fxe4 40. Qe3 Kg7
41. b4 Rc7 42. Qxe4 Rf7 43. Rd4 Rdf8 44. Bg2 Rxf4 45. Qe3 R4f5 46. Re4 R8f7 47.
Red4 Re7 48. Qd2 Ref7 49. Rh4 h5 50. Rd4 Kh7 51. Qe2 Qf6 52. Qe6 Qxe6 53. dxe6
Rf1+ 0-1